000 00284nam a2200133 i 4500
001 bg
100 1 _aSCHEER, L.
245 0 _aWas ist Stahl /
_cL. Scheer.
260 _aBerlin,
_c1968.
040 _cBPK
041 _apol
942 _cKS
008 s pl f |000 0 pol
999 _c11772
_d11772
856 _uhttp://koha.tu.koszalin.pl/cgi-bin/koha/opac-detail.pl?biblionumber=11772
_yKatalog online BPK